LEADER 00977naa a2200217 u 4500 001 000000094993 003 CaOOAMICUS 005 20070226130140.0 008 040521s1979 cau u000 u eng u 035 $a10996318 040 $aIAR$bita 100 1 $aGrant, Edward,$d1926-$0(OLS)http://pul/name/38618 245 14$aThe condemnation of 1277, God's absolute power, and physical thought in the later middle ages /$cEdward Grant. 260 $aBerkeley, ... :$bUniversity of California Press,$c1979. 300 $av.10, S. 211-244, ;$c26 cm 650 4$aFilosofia medievale$xStoria e critica.$0(OLS)http://pul/subject/10828 730 0 $aViator$g[Spogli].$0(OLS)http://pul/title/7280 773 0 $aViator.$gv.10 (1979) 773 0 $tViator$w()4993 996 $6245$aThe condemnation of 1277, God's absolute power, and physical thought in the later middle ages$9(OLS)http://pul/title/121878 996 $6260$aBerkeley, ... :$bUniversity of California Press$9(OLS)http://pul/publisher/79179 LEADER 01265nam a2200325 a 4500 001 000000147495 003 CaOOAMICUS 005 20151119102745.0 008 151119s2015 it u000 u ita r 020 $z978-88-215-9475-5* 032 $aLibriCat 040 $aPUL$bita 082 04$a234 100 1 $aPenna, Romano,$d1937-$0(OLS)http://pul/name/11954 245 13$aLa cena del Signore : $bdimensione storica e ideale /$cRomano Penna. 260 $aCinisello Balsamo :$bSan Paolo,$cİ2015. 300 $a166 p. ;$c21 cm. 504 $aBibliografia in nota. 650 4$aEucaristia.$0(OLS)http://pul/subject/1539 650 4$aUltima cena.$0(OLS)http://pul/subject/16363 850 $aPUL 852 $aPUL$W1$xSL Religione 3$y85$m234 PENRO 1$j170456$qDDC 21$B171235$CPULBib$Z2$F171235 $H126411 $81 941 1 $a9 960 $aEucarestia$91539 960 $aComunione (sacramento)$91539 996 $6020$z978-88-215-9475-5*$9(OLS)http://pul/number/158950 996 $6082$a234$9(OLS)http://pul/classification/573 996 $6245$aLa cena del Signore : $bdimensione storica e ideale$9(OLS)http://pul/title/186159 996 $6260$aCinisello Balsamo :$bSan Paolo$9(OLS)http://pul/publisher/54577